000 00569cam a22002171 4500
001 sa 63001829
003 DLC
005 20260227111930.0
008 900201s1962 ii 000 0 hino
010 _asa 63001829
035 _a(OCoLC)20986186
040 _aDLC
_cWaU
_dDLC
042 _apremarc
050 0 0 _aPK2098.S5355
_bZ77
100 1 _aNalini, Jayanatha,
_d1912-
245 1 0 _aĀcārya Rāmacandra Śukla, samīkshātmaka vivecana.
260 _c[1962]
300 _a178 p.
_c19 cm.
500 _aIn Hindi.
600 1 0 _aShukla, Ram Chandra,
_d1884-1941.
999 _c54177
_d54177